LEADER 01070nam a2200241 4500 001 000000365675 003 CaOOAMICUS 005 20251210121310.0 008 251210s2012 gw 000 u ger r 020 $a978-3-86312-340-6 040 $aSeMil$bita 100 1 $aKenny, Anthony John Patrick,$d<1931- >.$0(OLS)http://semarc/name/46181 245 10$a1: Antike /$cAnthony Kenny. 264 1$aDarmstadt :$bWBG, Wissenschaftliche Buchgesellschaft,$c2012. 300 $a349 p. ;$c25 cm 773 0 $aKenny, Anthony John Patrick <1931- >$tGeschichte der abendländischen Philosophie.$dDarmstadt : WBG, Wissenschaftliche Buchgesellschaft, 2012.$g1$w()365674 850 $aSeMil 852 $aSeMil$W1$xVenegono$y1$m2LL VI 62$j265255$B256486$CSeMilBibl$Z2$F256486 $81 961 $aBuzzi mons. Franco - Omaggio 996 $6020$a978-3-86312-340-6$9(OLS)http://semarc/number/304914 996 $6245$a1: Antike$9(OLS)http://semarc/title/457305 996 $6264$aDarmstadt :$bWBG, Wissenschaftliche Buchgesellschaft$9(OLS)http://semarc/publisher/47241 LEADER 00982nam a2200229 i 4500 001 000000209825 003 CaOOAMICUS 005 20120104000000.0 008 120104s1974 it u000 u fre u 013 $a188616 040 $aSeMil$bita 100 1 $aTurvasi, Francesco,$c.$0(OLS)http://semarc/name/15520 245 10$aGiovanni Genocchi e la controversia modernista /$cFrancesco Turvasi. 260 $aRoma :$bEdizioni di Storia e Letteratura,$c1974. 300 $a502 p. ;$c26 cm. 490 0 $aUomini e dottrine ;$v20 600 14$aGenocchi, Giovanni .$0(OLS)http://semarc/subject/5566 830 0$aUomini e dottrine ;$v20.$0(OLS)http://semarc/title/17157 850 $aSeMil 852 $aSeMil$W1$xVenegono$y1$m3T VI 82$j160276$B160276$CSeMilBibl$Z2$F171292 $81 996 $6245$aGiovanni Genocchi e la controversia modernista$9(OLS)http://semarc/title/303335 996 $6260$aRoma :$bEdizioni di Storia e Letteratura$9(OLS)http://semarc/publisher/29779